| 000 | 00653cab a2200229 4500 | ||
|---|---|---|---|
| 001 | WB3322-18 | ||
| 008 | 090401t1997 xxu||||| |||| 00| 0 eng d | ||
| 035 | _a(Sirsi) u78778 | ||
| 041 | _aeng | ||
| 245 | _aOFT to probe shop leases | ||
| 260 | _c1997 | ||
| 350 | _a0 | ||
| 490 |
_aEstates Gazette _v(9722) 31 May 1997, 41(1) |
||
| 520 | _aThe Office of Fair Trading is investigating exclusivity clauses granted by retail landlords to powerful tenants. | ||
| 650 | _aEXCLUSIVITY CLAUSES | ||
| 650 | _aOFT | ||
| 650 | _aOFT | ||
| 650 | _aSHOP LEASES | ||
| 690 | _aLANDLORD AND TENANT-BUSINESS TENANCIES | ||
| 942 | _n0 | ||
| 948 | _c06/06/1997 | ||
| 999 |
_c49523 _d49523 |
||